<?xml version="1.0" encoding="UTF-8"?>
<record
    xmlns:xsi="http://www.w3.org/2001/XMLSchema-instance"
    xsi:schemaLocation="http://www.loc.gov/MARC21/slim http://www.loc.gov/standards/marcxml/schema/MARC21slim.xsd"
    xmlns="http://www.loc.gov/MARC21/slim">

  <leader>00826cam9a220018100 4500</leader>
  <controlfield tag="001">zam00009482</controlfield>
  <controlfield tag="008">970717n        xx                  eng u</controlfield>
  <datafield tag="035" ind1=" " ind2=" ">
    <subfield code="a">(Sirsi) r139482</subfield>
  </datafield>
  <datafield tag="040" ind1=" " ind2=" ">
    <subfield code="d">UPRA</subfield>
  </datafield>
  <datafield tag="100" ind1=" " ind2=" ">
    <subfield code="a">Pusupamma, P.</subfield>
    <subfield code="6">A104864.1</subfield>
  </datafield>
  <datafield tag="245" ind1="1" ind2="0">
    <subfield code="a">Sorghum as food in the semi arid tropics.</subfield>
  </datafield>
  <datafield tag="260" ind1=" " ind2=" ">
    <subfield code="a">New Delhi :</subfield>
    <subfield code="b">International Dev. Research Centre,</subfield>
    <subfield code="c">1993.</subfield>
  </datafield>
  <datafield tag="520" ind1=" " ind2=" ">
    <subfield code="a">This study explores the need to increase the use of sorghum by looking at imrpoved varieties, marketing, storage, current processing and utilization methods and nutrition status of sorghum foods.</subfield>
  </datafield>
  <datafield tag="650" ind1=" " ind2="4">
    <subfield code="a">Food production.</subfield>
    <subfield code="6">S75323.2</subfield>
  </datafield>
  <datafield tag="650" ind1=" " ind2="4">
    <subfield code="a">India -- Human nutrition -- Food industry.</subfield>
    <subfield code="x">India -- Human nutrition -- Food industry.</subfield>
    <subfield code="x">India -- Human nutrition -- Food industry.</subfield>
    <subfield code="6">S75806.1</subfield>
  </datafield>
  <datafield tag="949" ind1="1" ind2="0">
    <subfield code="m">INESOR</subfield>
    <subfield code="t">BOOK</subfield>
    <subfield code="l">ON-SHELF</subfield>
  </datafield>
  <controlfield tag="004">139482</controlfield>
  <datafield tag="999" ind1=" " ind2=" ">
    <subfield code="c">28075</subfield>
    <subfield code="d">28075</subfield>
  </datafield>
</record>
